[Event "Titled Tuesday intern op 2nd May"]
[Site "Chess.com INT"]
[Date "2017.05.02"]
[Round "9"]
[White "Nakamura, Hikaru"]
[Black "Bluebaum, Matthias"]
[Result "1-0"]
[WhiteElo "2786"]
[BlackElo "2632"]
[PlyCount "160"]
[EventDate "2017.05.02"]
[EventType "swiss (blitz)"]
[EventRounds "10"]
[EventCountry "USA"]
[SourceTitle "EXT 2021"]
[Source "ChessBase"]
[SourceDate "2020.10.23"]
[SourceVersion "1"]
[SourceVersionDate "2020.10.23"]
[SourceQuality "1"]

1. Nf3 d5 2. g3 Bg4 3. Bg2 e6 4. O-O Nf6 5. h3 Bh5 6. d3 Be7 7. Qe1 ({RR} 7. Nbd2 O-O 8. g4 Bg6 9. Ne5 Nbd7 {½-½ (9) Rajesh,C (2244)-Rozman,L (2353) New York USA 2025}) 7... O-O 8. e4 c5 9. Nh4 $146 ({RR} 9. e5 Nfd7 10. c4 Nc6 11. g4 Bg6 12. Qe2 Nb6 13. Rd1 Qd7 14. Nc3 Rad8 15. Bf1 Nd4 16. Nxd4 cxd4 17. c5 Bxc5 18. Nb1 f6 19. Bf4 fxe5 20. Bxe5 Qf7 21. f4 Nd7 22. Nd2 Nxe5 23. fxe5 Qf4 {Haria,R (2374)-Meier,G (2647) Chess.com INT 2018 0-1 (35)}) 9... Nc6 10. f4 Nd4 11. Rf2 dxe4 12. dxe4 Nd7 13. c3 Bxh4 14. gxh4 Nc6 15. Rd2 Qe7 16. e5 Rad8 17. Na3 Nb6 18. Qf2 Nd5 19. Qg3 f6 20. Rf2 fxe5 21. fxe5 Rxf2 22. Kxf2 Rf8+ 23. Kg1 c4 24. Bg5 Qc5+ 25. Kh1 b5 26. Rf1 Rxf1+ 27. Bxf1 a6 28. Nc2 Qf8 29. Bg2 Qf5 30. Ne3 Qxe5 31. Qxe5 Nxe5 32. Nxd5 exd5 33. Bxd5+ Kf8 34. Kg2 Nd3 35. Bb7 Nxb2 36. Bxa6 Be8 37. Be3 Ke7 38. Bc5+ Ke6 39. Bd4 g6 40. Kf3 Nd3 41. Kg4 Ne5+ 42. Kf4 Nd3+ 43. Kg5 Nc1 44. a3 Ne2 45. Bh8 Ng1 46. Kg4 Bd7 47. Kg3 Kd6 48. Bb7 Ne2+ 49. Kf3 Ng1+ 50. Kg3 Ne2+ 51. Kf3 Ng1+ 52. Kf4 Nxh3+ 53. Ke3 g5 54. hxg5 Nxg5 55. Bf6 Ne6 56. Bf3 Nc7 57. Kd4 Ne6+ 58. Ke3 Nc7 59. Bg7 Ne6 60. Bf6 Bc6 61. Bg4 Nc7 62. Bh4 Kc5 63. Kf4 Nd5+ 64. Ke5 Kb6 65. Be1 Kb7 66. Bd2 Nb6 67. Bf5 Nc8 68. Bxh7 Nb6 69. Kd6 Nc8+ 70. Kc5 Nb6 71. Bf5 Nd7+ 72. Kd6 Nb6 73. Be3 Nd5 74. Bd4 Nc7 75. Bc8+ Kxc8 76. Kxc6 Ne6 77. Be5 Nc7 78. Bxc7 b4 79. cxb4 c3 80. Bf4 c2 1-0

[Event "chess.com Speed 1m+1spm 2017"]
[Site "Chess.com INT"]
[Date "2017.05.25"]
[Round "1.20"]
[White "Giri, Anish"]
[Black "So, Wesley"]
[Result "1-0"]
[WhiteElo "2785"]
[BlackElo "2815"]
[PlyCount "69"]
[EventDate "2017.05.03"]
[EventType "k.o. (blitz)"]
[EventRounds "4"]
[EventCountry "USA"]
[SourceTitle "CBM 178 Extra"]
[Source "ChessBase"]
[SourceDate "2017.06.22"]
[SourceVersion "1"]
[SourceVersionDate "2017.06.22"]
[SourceQuality "1"]

1. Nf3 d5 2. g3 c6 3. Bg2 Bg4 4. O-O Nd7 5. h3 Bh5 6. d3 Ngf6 7. Qe1 e5 8. e4 dxe4 9. dxe4 Be7 ({RR} 9... a5 10. Nbd2 a4 11. Nc4 Qc7 12. Bd2 b5 13. Ncxe5 Nxe5 14. Nxe5 Qxe5 15. f4 Bc5+ 16. Kh1 Qe6 17. e5 Nd5 18. f5 Qe7 19. g4 Bxg4 20. hxg4 g5 21. Qe2 h5 22. gxh5 O-O-O 23. Qg4 Kb7 24. c4 {Salman,P (2287)-Bok,B (2592) chess.com INT 2025 0-1 (34)}) 10. Nh4 ({RR} 10. a4 a5 11. Nh4 O-O 12. Nd2 Bb4 13. c3 Bc5 14. Nb3 Bb6 15. Be3 Re8 16. Nf5 Qc7 17. g4 Bg6 18. Rd1 Bxf5 19. exf5 h6 20. Nd2 Bxe3 21. Qxe3 Nb6 22. Qg3 Nxa4 23. b3 Nb6 24. h4 Rad8 {Giri,A (2785)-So,W (2815) Chess.com INT 2017 ½-½ (39)}) 10... O-O 11. Nd2 Qc7 $146 ({RR} 11... Re8 12. Nc4 Qc7 13. f4 b5 14. Nxe5 Nxe5 15. fxe5 Qxe5 16. Rf5 Qe6 17. Bf4 Bg6 18. Re5 Qc4 19. Nxg6 hxg6 20. c3 Bc5+ 21. Kh2 Rxe5 22. Bxe5 Re8 23. Bxf6 gxf6 24. Qd2 Kg7 25. b3 Qe6 26. Rd1 {Bivol,A (2403)-Bykova,A (2168) Sochi 2018 ½-½ (56)}) ({RR} 11... Re8 12. a4 b5 13. Nb3 Nc5 14. Na5 Qc7 15. axb5 cxb5 16. Nf5 Bf8 17. Bg5 Nfd7 18. Be3 Rac8 19. f3 Na4 20. b3 Nab6 21. Rf2 Bc5 22. Bf1 a6 23. c4 b4 24. Bxc5 Nxc5 25. Qxb4 Nbd7 26. Qc3 {Maghsoodloo,P (2638)-Bartholomew,J (2461) Chess.com INT 2018 1-0 (44)}) 12. f4 exf4 13. gxf4 Rfe8 14. Kh1 Bb4 15. c3 Bf8 16. e5 Nd5 17. Ne4 Nc5 18. Ng3 Bg6 19. Nxg6 hxg6 20. Bxd5 cxd5 21. Be3 Ne6 22. Rd1 Rad8 23. Qe2 Bc5 24. Bd4 Qb6 25. Qf2 Bxd4 26. cxd4 Rc8 27. f5 Ng5 28. h4 Ne4 29. Nxe4 dxe4 30. e6 fxe6 31. fxg6 Qd8 32. Qf7+ Kh8 33. Qf4 Qd5 34. Rde1 e5 35. Qf5 1-0

[Event "chess.com Speed 1m+1spm 2017"]
[Site "Chess.com INT"]
[Date "2017.05.03"]
[Round "1.22"]
[White "Nakamura, Hikaru"]
[Black "Grigoriants, Sergey"]
[Result "1-0"]
[WhiteElo "2786"]
[BlackElo "2576"]
[PlyCount "83"]
[EventDate "2017.05.03"]
[EventType "k.o. (blitz)"]
[EventRounds "4"]
[EventCountry "USA"]
[SourceTitle "CBM 178 Extra"]
[Source "ChessBase"]
[SourceDate "2017.06.22"]
[SourceVersion "1"]
[SourceVersionDate "2017.06.22"]
[SourceQuality "1"]

1. b3 c6 2. Bb2 d5 3. e3 Nf6 4. Nf3 Bg4 5. d4 e6 6. Nbd2 Be7 7. c4 O-O 8. Qc2 Nbd7 9. Bd3 Bh5 $146 ({RR} 9... a5 10. a3 Bh5 11. Ne5 Kh8 12. f4 Nxe5 13. dxe5 Ng4 14. Nf1 Bc5 15. Bd4 Qb6 16. Bxc5 Qxc5 17. cxd5 Qxc2 18. Bxc2 cxd5 19. Bd1 Rfc8 20. h3 Rc3 21. hxg4 Bg6 22. Rh3 Rac8 23. Nd2 Bd3 24. Nf3 {Nakamura,H (2787)-Rodchenkov,S (2346) chess.com INT 2023 1-0 (35)}) ({RR} 9... a5 10. a3 Bh5 11. Ne5 Kh8 12. f4 Nxe5 13. dxe5 Ng4 14. Nf1 Bc5 15. Bd4 Qb6 16. Bxc5 Qxc5 17. cxd5 Qxc2 18. Bxc2 cxd5 19. Bd1 Rfc8 20. h3 Rc3 21. hxg4 Bg6 22. Rh3 Rac8 23. Nd2 Bd3 24. Nf3 {Nakamura,H (2787)-Rodchenkov,S (2346) chess.com INT 2023 1-0 (35)}) 10. Ne5 Rc8 11. O-O Bg6 12. Nxg6 hxg6 13. f4 c5 14. Nf3 cxd4 15. Bxd4 dxc4 16. bxc4 Bc5 17. Qf2 Bxd4 18. exd4 Nc5 19. Bc2 Nce4 20. Qe2 Nd6 21. Bb3 Nf5 22. Rad1 Qb6 23. c5 Qb4 24. Rd3 a5 25. a3 Qb5 26. Rb1 Qa6 27. Qc2 b6 28. Bc4 Qa8 29. Rxb6 Nd5 30. Bxd5 Qxd5 31. Rd2 Rb8 32. Rxb8 Rxb8 33. h3 Rb3 34. c6 Rb8 35. Qc5 Qe4 36. Rd1 Rc8 37. d5 exd5 38. Rxd5 Qxf4 39. Rd3 Qe4 40. Rc3 Ne7 41. Re3 Qb1+ 42. Re1 1-0

[Event "chess.com Speed 1m+1spm 2017"]
[Site "Chess.com INT"]
[Date "2017.05.03"]
[Round "1.26"]
[White "Nakamura, Hikaru"]
[Black "Grigoriants, Sergey"]
[Result "1-0"]
[WhiteElo "2786"]
[BlackElo "2576"]
[PlyCount "53"]
[EventDate "2017.05.03"]
[EventType "k.o. (blitz)"]
[EventRounds "4"]
[EventCountry "USA"]
[SourceTitle "CBM 178 Extra"]
[Source "ChessBase"]
[SourceDate "2017.06.22"]
[SourceVersion "1"]
[SourceVersionDate "2017.06.22"]
[SourceQuality "1"]

1. b3 c5 2. Bb2 Nc6 3. e3 Nf6 4. Nf3 g6 5. d4 d5 6. dxc5 Qa5+ 7. Nbd2 Qxc5 8. c4 Bg7 $146 ({RR} 8... dxc4 9. Bxc4 Bg7 10. Rc1 Qh5 11. a3 O-O 12. O-O Rd8 13. h3 Bf5 14. b4 Ne4 15. Bxg7 Kxg7 16. Be2 Nxd2 17. Nxd2 Qh4 18. Qb3 Rac8 19. Nf3 Qf6 20. Rc5 b6 21. Rcc1 Ne5 22. Nxe5 Qxe5 23. Bf3 {So,W (2760)-Vachier Lagrave,M (2736) chess.com INT 2022 0-1}) ({RR} 8... dxc4 9. Bxc4 Bg7 10. Rc1 Qh5 11. a3 O-O 12. O-O Rd8 13. h3 Bf5 14. b4 Ne4 15. Bxg7 Kxg7 16. Be2 Nxd2 17. Nxd2 Qh4 18. Qb3 Rac8 19. Nf3 Qf6 20. Rc5 b6 21. Rcc1 Ne5 22. Nxe5 Qxe5 23. Bf3 {So,W (2760)-Vachier Lagrave,M (2736) chess.com INT 2022 0-1}) 9. Rc1 O-O 10. a3 dxc4 11. Bxc4 Qd6 12. O-O Bf5 13. b4 Rad8 14. Qb3 Ne4 15. Nxe4 Bxe4 16. Rcd1 Qc7 17. Bxf7+ Kh8 18. Bxg7+ Kxg7 19. Ng5 Bf5 20. Be6 h6 21. Bxf5 hxg5 22. Be4 Ne5 23. h3 Rd6 24. Qb2 Rdf6 25. Rd5 Nc4 26. Qc3 Rc8 27. Rc5 1-0

[Event "chess.com Speed 1m+1spm 2017"]
[Site "Chess.com INT"]
[Date "2017.11.18"]
[Round "3.26"]
[White "Carlsen, Magnus"]
[Black "So, Wesley"]
[Result "1-0"]
[WhiteElo "2832"]
[BlackElo "2815"]
[PlyCount "43"]
[EventDate "2017.05.03"]
[EventType "k.o. (blitz)"]
[EventRounds "4"]
[EventCountry "USA"]
[SourceTitle "EXT 2019"]
[Source "ChessBase"]
[SourceDate "2018.10.10"]
[SourceVersion "1"]
[SourceVersionDate "2018.10.10"]
[SourceQuality "1"]

1. Nf3 Nf6 2. g3 b6 3. Bg2 Bb7 4. O-O c5 5. d3 g6 6. e4 Bg7 7. a4 O-O 8. Re1 Nc6 9. Nbd2 d6 ({RR} 9... e6 10. e5 Ne8 11. Nc4 d5 12. exd6 Nxd6 13. Ne3 Qc7 14. h4 h5 15. c3 Rfd8 16. Qe2 Na5 17. Qc2 Rac8 18. Bd2 c4 19. dxc4 Be4 20. Qd1 Qb7 21. Qe2 Nb3 22. Rad1 Nf5 23. Nxf5 exf5 24. Be3 {Demidov,M (2549)-Liang,J (2052) chess.com INT 2025 1-0 (32)}) 10. Nc4 $146 ({RR} 10. e5 Nxe5 11. Nxe5 Bxg2 12. Nxf7 Rxf7 13. Kxg2 Qd7 14. f4 Raf8 15. Nc4 e5 16. Qf3 exf4 17. Bxf4 Nh5 18. Qd5 Nxf4+ 19. gxf4 Kh8 20. Re6 Rxf4 21. Nxd6 Rd4 {0-1 (21) Mortazavi,A (2333)-Donchenko,A (2652) Chess.com INT 2021}) ({RR} 10. e5 Nxe5 11. Nxe5 Bxg2 12. Nxf7 Rxf7 13. Kxg2 Qd7 14. f4 Raf8 15. Nc4 e5 16. Qf3 exf4 17. Bxf4 Nh5 18. Qd5 Nxf4+ 19. gxf4 Kh8 20. Re6 Rxf4 21. Nxd6 Rd4 {0-1 (21) Mortazavi,A (2333)-Donchenko,A (2652) Chess.com INT 2021}) 10... a6 11. e5 Nxe5 12. Nfxe5 Bxg2 13. Kxg2 dxe5 14. Nxe5 e6 15. Qf3 Nd5 16. Bd2 Qc7 17. Nc4 b5 18. axb5 axb5 19. Rxa8 Rxa8 20. Ne3 Rd8 21. Nxd5 Rxd5 22. Qxd5 1-0

[Event "chess.com Speed 1m+1spm 2017"]
[Site "Chess.com INT"]
[Date "2017.12.16"]
[Round "3.26"]
[White "Nakamura, Hikaru"]
[Black "Karjakin, Sergey"]
[Result "1-0"]
[WhiteElo "2786"]
[BlackElo "2783"]
[PlyCount "93"]
[EventDate "2017.05.03"]
[EventType "k.o. (blitz)"]
[EventRounds "4"]
[EventCountry "USA"]
[SourceTitle "EXT 2019"]
[Source "ChessBase"]
[SourceDate "2018.10.10"]
[SourceVersion "1"]
[SourceVersionDate "2018.10.10"]
[SourceQuality "1"]

1. b3 Nf6 2. Bb2 d5 3. Nf3 c6 4. g3 h6 5. Bg2 Bf5 6. O-O e6 7. d3 Be7 8. Nbd2 O-O 9. Ne5 Nbd7 10. e4 Bh7 11. Qe2 a5 12. a3 Nxe5 13. Bxe5 Nd7 14. Bb2 Bf6 ({RR} 14... a4 15. b4 Bf6 16. e5 Be7 17. f4 c5 18. bxc5 Bxc5+ 19. Kh1 Qb6 20. Rab1 Qc6 21. g4 Be7 22. f5 Rfe8 23. f6 Bf8 24. g5 hxg5 25. Nf3 gxf6 26. exf6 Bg6 27. Ne5 Nxe5 28. Bxe5 Rac8 29. c3 {Maltsevskaya,A (2378)-Finek,V (2416) chess.com INT 2024 1-0 (36)}) 15. e5 Be7 16. h4 $146 ({RR} 16. Kh1 b5 17. f4 a4 18. b4 c5 19. bxc5 Bxc5 20. Nf3 b4 21. axb4 Bxb4 22. Ba3 Qe7 23. Bxb4 Qxb4 24. Rfb1 Qc5 25. Qd2 a3 26. Qc1 Rfc8 27. Ne1 f6 28. Rb7 fxe5 29. Rxd7 Qc6 30. Rxd5 exd5 {Islam,K (2136)-Subrota,B (2215) Dhaka BAN 2023 ½-½ (55)}) ({RR} 16. Kh1 Qb6 17. Rab1 Rae8 18. f4 Kh8 19. g4 Qd8 20. Rf3 f6 21. exf6 Bxf6 22. Bxf6 Qxf6 23. Rbf1 Qb2 24. Qd1 Qxa3 25. g5 hxg5 26. Rh3 gxf4 27. Qh5 Nf6 28. Qh4 g5 29. Qxg5 e5 30. Nf3 Qe7 {Mohammadi,P (1955)-Gabuzyan,H (2594) Mashhad 2017 0-1 (37)}) 16... Qb6 17. Kh2 a4 18. b4 c5 19. c3 Rfd8 20. Rfd1 Qc7 21. d4 cxd4 22. cxd4 Nb6 23. Rac1 Qd7 24. Bf1 Rdc8 25. Qb5 Bc2 26. Qxd7 Nxd7 27. Re1 Nb6 28. Bb5 g5 29. hxg5 hxg5 30. f3 Kg7 31. Kg2 Kg8 32. Nf1 Kg7 33. Ne3 Bb3 34. Rxc8 Rxc8 35. Rc1 Nc4 36. Bxc4 dxc4 37. d5 Bd8 38. Bd4 b5 39. d6 f5 40. f4 Kg6 41. Kf3 g4+ 42. Ke2 c3 43. Bc5 c2 44. Nxc2 Bxc2 45. Rxc2 Rb8 46. Be3 Rb7 47. Rc8 1-0

[Event "chess.com Speed 1m+1spm 2017"]
[Site "Chess.com INT"]
[Date "2017.12.16"]
[Round "3.28"]
[White "Nakamura, Hikaru"]
[Black "Karjakin, Sergey"]
[Result "1-0"]
[WhiteElo "2786"]
[BlackElo "2783"]
[PlyCount "67"]
[EventDate "2017.05.03"]
[EventType "k.o. (blitz)"]
[EventRounds "4"]
[EventCountry "USA"]
[SourceTitle "EXT 2019"]
[Source "ChessBase"]
[SourceDate "2018.10.10"]
[SourceVersion "1"]
[SourceVersionDate "2018.10.10"]
[SourceQuality "1"]

1. b3 Nf6 2. Bb2 c5 3. Nf3 Nc6 4. e3 g6 5. d4 cxd4 6. Nxd4 Bg7 7. Nxc6 bxc6 8. Be2 O-O 9. O-O a5 10. c4 d6 ({RR} 10... a4 11. Qc2 c5 12. Bf3 Ra7 13. Rd1 d6 14. Nd2 a3 15. Bc3 Nd7 16. Ne4 Bxc3 17. Nxc3 Ne5 18. Be2 Bb7 19. Rd2 Qa8 20. f3 Bc6 21. Rad1 Qb7 22. Nd5 Bxd5 23. Rxd5 Nc6 24. R5d2 Qb4 25. f4 {Perossa,N (2238)-Bryakin,M (2426) chess.com INT 2025 1-0 (71)}) 11. Nc3 Bb7 $146 ({RR} 11... Ne4 12. Qc1 Nc5 13. Nd1 e5 14. Nc3 Be6 15. Rd1 Qc7 16. Ba3 Nb7 17. Qc2 Rfd8 18. Rd2 Bf5 19. Bd3 e4 20. Be2 Nc5 21. Rad1 Nd3 22. g4 Nb4 23. Qc1 Be6 24. Nxe4 d5 25. Bxb4 axb4 26. cxd5 {Nakamura,H (2736)-Yeletsky,I (2460) Chess.com INT 2022 1-0}) ({RR} 11... Ne4 12. Qc1 Nc5 13. Nd1 e5 14. Nc3 Be6 15. Rd1 Qc7 16. Ba3 Nb7 17. Qc2 Rfd8 18. Rd2 Bf5 19. Bd3 e4 20. Be2 Nc5 21. Rad1 Nd3 22. g4 Nb4 23. Qc1 Be6 24. Nxe4 d5 25. Bxb4 axb4 26. cxd5 {Nakamura,H (2736)-Yeletsky,I (2460) Chess.com INT 2022 1-0}) 12. Qc2 Nd7 13. Rad1 c5 14. Nd5 Bxb2 15. Qxb2 a4 16. b4 Bxd5 17. cxd5 cxb4 18. Qxb4 Nc5 19. Rb1 Rb8 20. Qc3 Qc7 21. Bb5 Rb6 22. Bxa4 Qa7 23. Bb3 Rfb8 24. Rfc1 Rb4 25. h3 Qa3 26. Qd2 h5 27. Rc2 h4 28. Qc1 Qa5 29. Rc4 g5 30. Qc3 f6 31. Kh2 R4b5 32. Qc2 Qa3 33. Qg6+ Kf8 34. f4 1-0

[Event "chess.com Speed 1m+1spm 2017"]
[Site "Chess.com INT"]
[Date "2018.01.03"]
[Round "4.18"]
[White "Carlsen, Magnus"]
[Black "Nakamura, Hikaru"]
[Result "1-0"]
[WhiteElo "2832"]
[BlackElo "2786"]
[PlyCount "59"]
[EventDate "2017.05.03"]
[EventType "k.o. (blitz)"]
[EventRounds "4"]
[EventCountry "USA"]
[SourceTitle "EXT 2019"]
[Source "ChessBase"]
[SourceDate "2018.10.10"]
[SourceVersion "1"]
[SourceVersionDate "2018.10.10"]
[SourceQuality "1"]

1. Nf3 d5 2. g3 g6 3. Bg2 Bg7 4. O-O e5 5. d3 Ne7 6. e4 O-O 7. exd5 Nxd5 8. Re1 Nc6 9. Nc3 Nde7 10. Rb1 a5 11. a3 Re8 12. b4 axb4 13. axb4 Nf5 14. Bg5 f6 15. Bd2 $146 ({RR} 15. b5 Ncd4 16. Nxd4 Nxd4 17. Be3 Ra3 18. Bxd4 Qxd4 19. Nd5 Qc5 20. d4 Qd6 21. c4 Bf5 22. c5 Qd8 23. Rb3 Rxb3 24. Qxb3 Be6 25. dxe5 fxe5 26. Qf3 Rf8 27. Qe4 Bf5 28. Qe2 Kh8 29. Rd1 c6 {Hansen,E (2606)-Lazavik,D (2465) Chess.com INT 2021 1-0 (45)}) ({RR} 15. b5 Ncd4 16. Nxd4 Nxd4 17. Be3 Ra3 18. Bxd4 Qxd4 19. Nd5 Qc5 20. d4 Qd6 21. c4 Bf5 22. c5 Qd8 23. Rb3 Rxb3 24. Qxb3 Be6 25. dxe5 fxe5 26. Qf3 Rf8 27. Qe4 Bf5 28. Qe2 Kh8 29. Rd1 c6 {Hansen,E (2606)-Lazavik,D (2465) Chess.com INT 2021 1-0 (45)}) 15... Be6 16. b5 Nce7 17. g4 Nd4 18. Nxd4 Qxd4 19. Bxb7 Bxg4 20. Bf3 Bxf3 21. Qxf3 Ra3 22. b6 c6 23. Ne4 Nf5 24. Bb4 Ra2 25. Bc5 Qd7 26. Ra1 Rxc2 27. Ra7 Qd5 28. Rb1 Rxc5 29. b7 g5 30. b8=Q 1-0

[Event "chess.com Speed 1m+1spm 2017"]
[Site "Chess.com INT"]
[Date "2018.01.03"]
[Round "4.20"]
[White "Carlsen, Magnus"]
[Black "Nakamura, Hikaru"]
[Result "1-0"]
[WhiteElo "2832"]
[BlackElo "2786"]
[PlyCount "52"]
[EventDate "2017.05.03"]
[EventType "k.o. (blitz)"]
[EventRounds "4"]
[EventCountry "USA"]
[SourceTitle "EXT 2019"]
[Source "ChessBase"]
[SourceDate "2018.10.10"]
[SourceVersion "1"]
[SourceVersionDate "2018.10.10"]
[SourceQuality "1"]

1. Nf3 g6 2. g3 Bg7 3. Bg2 d6 4. O-O Bd7 5. c4 Qc8 6. Nc3 Nc6 7. d4 Bh3 8. Qa4 $146 ({RR} 8. d5 Ne5 9. Nxe5 Bxe5 10. Be3 h5 11. f3 Nh6 12. Bd4 Bxg2 13. Kxg2 Nf5 14. Qa4+ c6 15. Bxe5 dxe5 16. Nd1 O-O 17. Qb3 Rd8 18. e4 Nd4 19. Qd3 b5 20. b3 e6 21. Ne3 Rb8 22. Rac1 bxc4 {Arabidze,M (2441)-Nakamura,H (2736) Chess.com INT 2021 0-1}) ({RR} 8. d5 Ne5 9. Nxe5 Bxe5 10. f4 Bxc3 11. bxc3 h5 12. Qd4 f6 13. e4 Bxg2 14. Kxg2 h4 15. f5 hxg3 16. hxg3 gxf5 17. exf5 Nh6 18. Rh1 Nf7 19. Rxh8+ Nxh8 20. Qg4 Kd7 21. Be3 Nf7 22. Bf4 Qg8 {Hiwale,R (2093)-Maksimovic,B (2505) chess.com INT 2025 0-1 (68)}) ({RR} 8. e4 h5 9. Be3 h4 10. Nxh4 Bf6 11. Nf3 Bxg2 12. Kxg2 Qh3+ 13. Kg1 Nh6 14. Nd5 Ng4 15. Nf4 Qh7 16. h4 Nxe3 17. fxe3 g5 18. hxg5 Bxg5 19. Ng2 Bf6 {½-½ (19) Hill,A-Harper,B Seattle 1980}) 8... Bd7 9. d5 Ne5 10. Qb3 h5 11. h4 Ng4 12. c5 dxc5 13. Bf4 N8f6 14. Nb5 Nxd5 15. Ng5 e6 16. Bxd5 Bxb5 17. Bxe6 fxe6 18. Qxb5+ c6 19. Qxc5 e5 20. Qc4 Qf5 21. e4 Qf6 22. Be3 O-O-O 23. Bxa7 Rd7 24. Bb6 Bh6 25. Qa4 Rd3 26. Rad1 Rd4 1-0

[Event "chess.com Speed 3m+2spm 2017"]
[Site "Chess.com INT"]
[Date "2017.05.03"]
[Round "1.10"]
[White "Nakamura, Hikaru"]
[Black "Grigoriants, Sergey"]
[Result "1-0"]
[WhiteElo "2786"]
[BlackElo "2576"]
[PlyCount "73"]
[EventDate "2017.05.03"]
[EventType "k.o. (blitz)"]
[EventRounds "4"]
[EventCountry "USA"]
[SourceTitle "CBM 178 Extra"]
[Source "ChessBase"]
[SourceDate "2017.06.22"]
[SourceVersion "1"]
[SourceVersionDate "2017.06.22"]
[SourceQuality "1"]

1. Nf3 Nf6 2. g3 d5 3. Bg2 c6 4. O-O Bg4 5. h3 Bh5 6. d3 e6 7. Qe1 ({RR} 7. c4 dxc4 8. dxc4 Nbd7 9. Nc3 Qc7 10. Bf4 e5 11. Be3 Bc5 12. Bxc5 Nxc5 13. b4 Ne6 14. Qc1 O-O 15. Nd2 a5 16. a3 axb4 17. axb4 Rxa1 18. Qxa1 Qb6 19. Qb2 Ra8 20. Rc1 Qa6 21. e3 Bg6 {Eljanov,P (2691)-Sjugirov,S (2703) Chennai IND 2023 0-1 (63)}) 7... Be7 8. e4 O-O 9. Nh4 $146 ({RR} 9. Nc3 Re8 10. Nh2 dxe4 11. dxe4 e5 12. Nf3 Nfd7 13. Be3 Na6 14. Nd2 Bc5 15. Nb3 Bxe3 16. Qxe3 Qb6 17. Qxb6 axb6 18. f3 Nf8 19. Rfd1 Red8 20. Kf2 f6 21. Bf1 Nb4 22. Bc4+ Bf7 23. Bxf7+ Kxf7 {Czebe,A (2436)-Almasi,Z (2687) Ajka 2019 ½-½}) ({RR} 9. Nbd2 b5 10. a4 b4 11. g4 Bg6 12. Ne5 Nfd7 13. Nxg6 hxg6 14. f4 Nc5 15. Kh1 b3 16. Nxb3 Nxb3 17. cxb3 Na6 18. f5 Nb4 19. Qe2 gxf5 20. exf5 exf5 21. gxf5 Bf6 22. Bd2 Qd6 23. Bf4 Qd7 {To,N (2299)-Gagic,M (2309) chess.com INT 2025 0-1 (40)}) ({RR} 9. Nbd2 a5 10. g4 Bg6 11. Ne5 a4 12. Nxg6 hxg6 13. a3 Qb6 14. Kh1 Nbd7 15. e5 Ne8 16. f4 c5 17. c4 dxc4 18. Nxc4 Qc7 19. f5 gxf5 20. gxf5 exf5 21. Rxf5 Ra6 22. Bf4 Re6 23. Bh2 g6 {Arabidze,M (2427)-Martic,I (2270) chess.com INT 2022 1-0 (32)}) 9... Ne8 10. f4 Nd7 11. Nf3 Bxf3 12. Bxf3 a5 13. Bg2 Nd6 14. Nd2 a4 15. a3 dxe4 16. dxe4 Nc5 17. e5 Nf5 18. Nf3 Nd4 19. Nxd4 Qxd4+ 20. Kh2 Qc4 21. Rf2 Rad8 22. Bf1 Qe4 23. Be3 Rd7 24. Qc3 Qd5 25. Rd2 Qe4 26. Rxd7 Nxd7 27. Rd1 Rd8 28. Bg2 Qg6 29. Rd4 h5 30. Qd2 Bc5 31. Rd3 Bxe3 32. Qxe3 h4 33. g4 Kf8 34. Qa7 Qh6 35. g5 Qh5 36. Qxb7 Ke8 37. Bf3 1-0

[Event "chess.com Speed 3m+2spm 2017"]
[Site "Chess.com INT"]
[Date "2017.05.03"]
[Round "1.12"]
[White "Nakamura, Hikaru"]
[Black "Grigoriants, Sergey"]
[Result "1-0"]
[WhiteElo "2786"]
[BlackElo "2576"]
[PlyCount "55"]
[EventDate "2017.05.03"]
[EventType "k.o. (blitz)"]
[EventRounds "4"]
[EventCountry "USA"]
[SourceTitle "CBM 178 Extra"]
[Source "ChessBase"]
[SourceDate "2017.06.22"]
[SourceVersion "1"]
[SourceVersionDate "2017.06.22"]
[SourceQuality "1"]

1. Nf3 Nf6 2. g3 g6 3. Bg2 Bg7 4. O-O O-O 5. d3 d5 6. Nbd2 c5 7. e4 Nc6 8. Re1 Qc7 9. c3 e5 ({RR} 9... Rd8 10. h3 e5 11. exd5 Nxd5 12. Qe2 Bf5 13. Ne4 b6 14. Kh2 h6 15. Nfd2 Be6 16. Nc4 f5 17. Ned2 Bf7 18. Nf3 Re8 19. Nh4 Rad8 20. a4 Nf4 21. gxf4 exf4 22. Qf3 Rxe1 23. Bxf4 Ne5 24. Nxe5 {Wynn Zaw Htun (2416)-Itgelt,K (2408) Jakarta INA 2024 0-1}) 10. a3 d4 $146 ({RR} 10... Rd8 11. b4 dxe4 12. dxe4 b6 13. Qe2 h6 14. Rb1 Be6 15. bxc5 Na5 16. cxb6 axb6 17. Bf1 Bf8 18. Qb5 Bc5 19. h3 Qc8 20. Nxe5 Bxh3 21. Nb3 Bxf1 22. Rxf1 Nxb3 23. Qxb3 Qc7 24. Nxg6 Qxg3+ 25. Kh1 {Amin,B (2690)-Dubov,D (2699) Chess.com INT 2020 0-1}) ({RR} 10... Rd8 11. b4 dxe4 12. dxe4 b6 13. Qe2 h6 14. Rb1 Be6 15. bxc5 Na5 16. cxb6 axb6 17. Bf1 Bf8 18. Qb5 Bc5 19. h3 Qc8 20. Nxe5 Bxh3 21. Nb3 Bxf1 22. Rxf1 Nxb3 23. Qxb3 Qc7 24. Nxg6 Qxg3+ 25. Kh1 {Amin,B (2690)-Dubov,D (2699) Chess.com INT 2020 0-1}) 11. cxd4 cxd4 12. b4 a6 13. Nb3 b6 14. Bd2 Bd7 15. Rc1 Qd6 16. Qc2 Rac8 17. Qb2 Na7 18. b5 a5 19. a4 Qe7 20. Nxa5 bxa5 21. Bxa5 Rxc1 22. Rxc1 Rb8 23. Bc7 Rb7 24. Bxe5 Nxb5 25. axb5 Rxb5 26. Qxd4 Be6 27. Qa1 h5 28. Nd4 1-0

[Event "chess.com Speed 3m+2spm 2017"]
[Site "Chess.com INT"]
[Date "2017.05.03"]
[Round "1.16"]
[White "Nakamura, Hikaru"]
[Black "Grigoriants, Sergey"]
[Result "1-0"]
[WhiteElo "2786"]
[BlackElo "2576"]
[PlyCount "99"]
[EventDate "2017.05.03"]
[EventType "k.o. (blitz)"]
[EventRounds "4"]
[EventCountry "USA"]
[SourceTitle "CBM 178 Extra"]
[Source "ChessBase"]
[SourceDate "2017.06.22"]
[SourceVersion "1"]
[SourceVersionDate "2017.06.22"]
[SourceQuality "1"]

1. b3 c5 2. Bb2 Nc6 3. e3 Nf6 4. Nf3 g6 5. d4 cxd4 6. Nxd4 Bg7 7. Be2 O-O 8. O-O d6 ({RR} 8... Nxd4 9. Bxd4 d5 10. Nd2 Bf5 11. f4 Ne4 12. Nxe4 Bxe4 13. Bxg7 Kxg7 14. Qd4+ Kg8 15. c4 Qb6 16. c5 Qc7 17. b4 e5 18. Qxe5 Qxe5 19. fxe5 Rfe8 20. Rac1 Rxe5 21. Rfd1 Rc8 22. a4 Kf8 23. a5 {Soham,K (2430)-Namitbir,S (2347) Moscow RUS 2025 ½-½ (36)}) 9. Nxc6 bxc6 10. c4 Bf5 11. Bf3 $146 ({RR} 11. Nc3 Qc7 12. Bf3 Rab8 13. Rc1 Ne4 14. Qe2 Nc5 15. Rfd1 a5 16. Ba3 Nd7 17. e4 Be6 18. Nd5 Qd8 19. Nf4 c5 20. Nxe6 fxe6 21. Bg4 Kf7 22. Qf3+ Bf6 23. Qh3 Kg7 24. Bxe6 Rb7 25. Bxd7 Rxd7 {Kravtsiv,M (2317)-Kosikov,A (2132) Lvov 2005 1-0}) 11... Rc8 12. Nc3 Qa5 13. Qd2 Rfd8 14. Rfd1 Qb6 15. Rac1 h5 16. h3 Qb8 17. Ne2 c5 18. Nf4 Ne4 19. Bxe4 Bxe4 20. Bxg7 Kxg7 21. Qc3+ Kg8 22. f3 Bc6 23. e4 Qb4 24. Qe3 Qa3 25. Rc2 a5 26. g4 h4 27. Ng2 a4 28. Nxh4 axb3 29. axb3 Rb8 30. Rc3 Rb4 31. e5 Rdb8 32. exd6 Rxb3 33. Rxb3 Rxb3 34. Qxe7 Rd3 35. Rb1 Rb3 36. Rxb3 Qxb3 37. Qe2 Qc3 38. Qd1 Qf6 39. d7 Bxd7 40. Qxd7 Qxh4 41. Qe8+ Kg7 42. Qe5+ Kg8 43. Kg2 Qd8 44. Qxc5 Qd3 45. h4 Qe2+ 46. Kg3 Qe1+ 47. Qf2 Qe5+ 48. Kg2 Kf8 49. Qc2 Ke7 50. Qe4 1-0